000 00456nam a22001577a 4500
003 OSt
005 20230201111102.0
008 230201b |||||||| |||| 00| 0 eng d
020 _a9780323429931
040 _cHU
082 _a629.8/MIC/2017
100 _aMicrobiorobotics Biologically Inspired Microscale Robotic Systems
_937370
245 _aMicrobiorobotics Biologically Inspired Microscale Robotic Systems
300 _f253
942 _2ddc
_cBOOKS
_n0
999 _c35814
_d35814